[Event "February Lviv Tradition (IM-Group)"]
[Site "Lviv"]
[Date "2016.02.23"]
[Round "1.1"]
[White "Punin, Andrii"]
[Black "Kagramanianz, Vartan"]
[Result "1/2-1/2"]
[WhiteElo "2273"]
[BlackElo "2228"]
[PlyCount "60"]
[EventDate "2016.02.22"]
[EventType "tourn"]
[EventRounds "9"]
[EventCountry "UKR"]
[EventCategory "1"]

1. e4 e5 2. Nf3 d6 3. d4 exd4 4. Nxd4 Nf6 5. Nc3 Be7 6. Be2 O-O 7. Bf4 a6 8.
Qd2 c5 9. Nb3 b5 10. Bf3 b4 11. Nd5 Nxd5 12. Qxd5 Ra7 13. O-O Be6 14. Qd2 Nc6
15. Rfd1 Rd7 16. c3 a5 17. Nc1 Qb6 18. Nd3 Rfd8 19. Be3 Rb8 20. Nf4 Ne5 21. Be2
bxc3 22. bxc3 Bc4 23. Nd3 Bxd3 24. Bxd3 Nxd3 25. Qxd3 Qc6 26. Bf4 Rbd8 27. Qc4
d5 28. exd5 Rxd5 29. Rxd5 Qxd5 30. Qxd5 Rxd5 1/2-1/2

[Event "February Lviv Tradition (IM-Group)"]
[Site "Lviv"]
[Date "2016.02.23"]
[Round "1.2"]
[White "Kryvoruchko, Vita"]
[Black "Martynkova, Olena"]
[Result "0-1"]
[WhiteElo "2200"]
[BlackElo "2245"]
[PlyCount "70"]
[EventDate "2016.02.22"]
[EventType "tourn"]
[EventRounds "9"]
[EventCountry "UKR"]
[EventCategory "1"]

1. e4 c5 2. Nf3 e6 3. d4 cxd4 4. Nxd4 Nc6 5. Nxc6 bxc6 6. Bd3 Nf6 7. O-O d5 8.
e5 Nd7 9. Re1 Qc7 10. f4 Be7 11. Nd2 O-O 12. Qh5 f5 13. exf6 Nxf6 14. Qf3 e5
15. Rxe5 Bc5+ 16. Kh1 Ng4 17. Re2 Rxf4 18. Qg3 Nf2+ 19. Rxf2 Bxf2 20. Qg5 Bh4
21. Qh5 g6 22. Qh6 Qe5 23. Nf3 Rxf3 24. Qxh4 Rf7 25. Bh6 Bf5 26. Re1 Bxd3 27.
cxd3 Re8 28. Rc1 Qxb2 29. h3 Qf2 30. Qb4 Qg3 31. Qc3 Re2 32. Rg1 Qh4 33. Bc1
Rff2 34. Kh2 Rf3 35. Kh1 Rxh3+ 0-1

[Event "February Lviv Tradition (IM-Group)"]
[Site "Lviv"]
[Date "2016.02.23"]
[Round "1.3"]
[White "Anwesh, Upadhyaya"]
[Black "Osmak, Iulija"]
[Result "1-0"]
[WhiteElo "2399"]
[BlackElo "2343"]
[PlyCount "81"]
[EventDate "2016.02.22"]
[EventType "tourn"]
[EventRounds "9"]
[EventCountry "UKR"]
[EventCategory "1"]

1. Nf3 d6 2. d4 Bg4 3. c4 Bxf3 4. exf3 c6 5. Nc3 g6 6. Be2 Bg7 7. O-O Nf6 8. d5
O-O 9. Re1 Nbd7 10. Be3 Qc7 11. Qd2 Rfc8 12. Rac1 Qd8 13. g4 Nb6 14. g5 Nfd7
15. dxc6 bxc6 16. b3 Nf8 17. f4 Ne6 18. Bg4 Nd7 19. h4 c5 20. Nd5 Nc7 21. h5
Nxd5 22. Qxd5 a5 23. Rc2 Rcb8 24. Rce2 Nb6 25. Qd3 a4 26. Bc1 Ra7 27. f5 gxh5
28. Bxh5 axb3 29. axb3 Qf8 30. Qh3 Be5 31. f4 Bd4+ 32. Kh1 d5 33. g6 Kh8 34.
Bg4 fxg6 35. fxg6 Qg7 36. f5 Ra1 37. Bh6 Rxe1+ 38. Rxe1 Qg8 39. Rxe7 Re8 40.
Bg7+ Bxg7 41. Rxe8 1-0

[Event "February Lviv Tradition (IM-Group)"]
[Site "Lviv"]
[Date "2016.02.23"]
[Round "1.4"]
[White "Bunyatov, Rustam"]
[Black "Terletsky, Oleg"]
[Result "1/2-1/2"]
[WhiteElo "2215"]
[BlackElo "2167"]
[PlyCount "172"]
[EventDate "2016.02.22"]
[EventType "tourn"]
[EventRounds "9"]
[EventCountry "UKR"]
[EventCategory "1"]

1. c4 e5 2. Nc3 Nc6 3. g3 g6 4. Bg2 Bg7 5. d3 d6 6. e3 f5 7. Nge2 h5 8. h4 Nh6
9. Rb1 a5 10. a3 Be6 11. Nd5 Rb8 12. b4 axb4 13. axb4 Ne7 14. Nxe7 Qxe7 15. b5
Ng4 16. Qa4 O-O 17. f3 Nf6 18. f4 e4 19. d4 Ra8 20. Qc2 c6 21. bxc6 bxc6 22.
O-O Qf7 23. Rb6 Bxc4 24. Rxc6 Bd3 25. Qd1 Qd7 26. Rc3 Kh7 27. Re1 Nd5 28. Rxd3
exd3 29. Qxd3 Nb4 30. Qb3 Rab8 31. Ba3 Rfc8 32. Bxb4 Qb5 33. Nc3 Qxb4 34. Qxb4
Rxb4 35. Nd5 Rb2 36. Bf3 Rcc2 37. Ra1 Rf2 38. Rf1 Rxf1+ 39. Kxf1 Kg8 40. Be2
Kf7 41. Kf2 Ke6 42. Nc7+ Kd7 43. Nd5 Bf8 44. Kf3 Be7 45. Nxe7 Kxe7 46. Bc4 Rd2
47. Bg8 Rh2 48. Bd5 Rd2 49. Bg8 Kf8 50. Bd5 Kg7 51. Be6 Kf6 52. Bd5 Rc2 53. Bb3
Rb2 54. Bd5 Rb5 55. Bc6 Ra5 56. Bb7 Ke6 57. Bc6 Ke7 58. Bb7 Kd7 59. d5 Kd8 60.
Bc6 Ra2 61. Bb5 Ra5 62. Bc6 Rc5 63. Ke2 Rc2+ 64. Kf3 Rd2 65. Bb7 Ra2 66. Bc6
Rb2 67. Ba4 Rb4 68. Bc6 Rb8 69. Ke2 Kc7 70. Kd3 Rb3+ 71. Ke2 Kd8 72. Kf3 Ra3
73. Ke2 Ra7 74. Kf3 Re7 75. Ke2 Kc7 76. Kd3 Kb6 77. Kd4 Re4+ 78. Kd3 Kc5 79.
Bb7 Ra4 80. Bc6 Ra2 81. Be8 Ra3+ 82. Ke2 Kxd5 83. Kf3 Ke6 84. Bxg6 d5 85. Kf2
Ra2+ 86. Kf3 Ra3 1/2-1/2

[Event "February Lviv Tradition (IM-Group)"]
[Site "Lviv"]
[Date "2016.02.23"]
[Round "1.5"]
[White "Sevostianov, Pavel"]
[Black "Rytenko, Vsevolod"]
[Result "1/2-1/2"]
[WhiteElo "2270"]
[BlackElo "2249"]
[PlyCount "62"]
[EventDate "2016.02.22"]
[EventType "tourn"]
[EventRounds "9"]
[EventCountry "UKR"]
[EventCategory "1"]

1. Nf3 g6 2. d4 Bg7 3. e4 c6 4. h3 d5 5. Nbd2 Nf6 6. Bd3 dxe4 7. Nxe4 Nxe4 8.
Bxe4 O-O 9. O-O Qc7 10. c3 Nd7 11. Re1 c5 12. Bg5 Nf6 13. dxc5 Qxc5 14. Bc2 b6
15. Qe2 e6 16. Ne5 Nd7 17. Nxd7 Bxd7 18. Be3 Qc7 19. Be4 Rac8 20. Rad1 Bc6 21.
Qf3 Bxe4 22. Qxe4 Qe7 23. Rd3 Rfd8 24. Red1 Bf6 25. Qa4 Rxd3 26. Rxd3 Rc7 27.
Bf4 e5 28. Be3 Kg7 29. Rd5 h6 30. Qd1 Kh7 31. Qd2 Bg7 1/2-1/2

[Event "February Lviv Tradition (IM-Group)"]
[Site "Lviv"]
[Date "2016.02.24"]
[Round "2.1"]
[White "Kagramanianz, Vartan"]
[Black "Rytenko, Vsevolod"]
[Result "0-1"]
[WhiteElo "2228"]
[BlackElo "2249"]
[PlyCount "80"]
[EventDate "2016.02.22"]
[EventType "tourn"]
[EventRounds "9"]
[EventCountry "UKR"]
[EventCategory "1"]

1. e4 c5 2. Nf3 e6 3. d3 Nc6 4. g3 d6 5. Bg2 Nf6 6. O-O Be7 7. Re1 O-O 8. c3 b6
9. d4 cxd4 10. cxd4 d5 11. e5 Ne4 12. Nbd2 Nxd2 13. Bxd2 b5 14. h4 Qb6 15. Bg5
f6 16. Bf4 f5 17. Bf1 Bd7 18. Bg5 Bxg5 19. hxg5 Be8 20. Qd3 Bh5 21. Nh4 Nxd4
22. a4 a6 23. Qe3 Rab8 24. axb5 axb5 25. Rac1 b4 26. Qf4 Rfc8 27. Rxc8+ Rxc8
28. Ra1 Be2 29. g6 hxg6 30. Kg2 Bh5 31. Qg5 Qd8 32. Qxd8+ Rxd8 33. f4 Rc8 34.
Bd3 Nc2 35. Rb1 b3 36. Kf2 Nb4 37. Bb5 d4 38. Ba4 Nd3+ 39. Kg2 Rc2+ 40. Kg1 Nc5
0-1

[Event "February Lviv Tradition (IM-Group)"]
[Site "Lviv"]
[Date "2016.02.24"]
[Round "2.2"]
[White "Terletsky, Oleg"]
[Black "Sevostianov, Pavel"]
[Result "1/2-1/2"]
[WhiteElo "2167"]
[BlackElo "2270"]
[PlyCount "52"]
[EventDate "2016.02.22"]
[EventType "tourn"]
[EventRounds "9"]
[EventCountry "UKR"]
[EventCategory "1"]

1. e4 c5 2. Nf3 d6 3. d4 cxd4 4. Nxd4 Nf6 5. Nc3 g6 6. Bc4 a6 7. f3 b5 8. Bb3
Nbd7 9. Be3 Bb7 10. Qd2 Qc7 11. a4 b4 12. Nd5 Nxd5 13. Bxd5 Nf6 14. Bb3 Qa5 15.
Bh6 Rc8 16. Bxf8 Rxf8 17. O-O Rc5 18. Rad1 Rg8 19. Rfe1 h5 20. Ba2 Re5 21. Qd3
Qc5 22. Bc4 a5 23. Kh1 h4 24. Nb3 Qb6 25. Qd4 Qxd4 26. Nxd4 h3 1/2-1/2

[Event "February Lviv Tradition (IM-Group)"]
[Site "Lviv"]
[Date "2016.02.24"]
[Round "2.3"]
[White "Osmak, Iulija"]
[Black "Bunyatov, Rustam"]
[Result "1/2-1/2"]
[WhiteElo "2343"]
[BlackElo "2215"]
[PlyCount "128"]
[EventDate "2016.02.22"]
[EventType "tourn"]
[EventRounds "9"]
[EventCountry "UKR"]
[EventCategory "1"]

1. e4 c6 2. d4 d5 3. e5 Bf5 4. Nf3 e6 5. Be2 c5 6. c3 Nc6 7. O-O cxd4 8. Nxd4
Nxd4 9. cxd4 Ne7 10. Nc3 Nc6 11. Be3 Be7 12. Rc1 O-O 13. Na4 Na5 14. Nc5 b6 15.
Nb3 Nc4 16. Bxc4 dxc4 17. Rxc4 Rc8 18. Rxc8 Qxc8 19. Qd2 Qa6 20. a3 Qc4 21. Nc1
Rc8 22. Ne2 Qb3 23. Rc1 Rxc1+ 24. Qxc1 h6 25. h3 Kh7 26. Kh2 Bg6 27. Nf4 Bc2
28. d5 exd5 29. Nxd5 Bd8 30. Qd2 Bf5 31. Qd4 Qd3 32. Qxd3 Bxd3 33. Bd4 Be4 34.
Nc3 Bc6 35. f4 Bc7 36. Kg1 Kg6 37. g4 h5 38. Kf2 hxg4 39. hxg4 f5 40. exf6 gxf6
41. Ke3 Bb8 42. b4 b5 43. Ne2 Bd7 44. Kf3 Bc6+ 45. Kg3 Bd5 46. Be3 a6 47. Kf2
Bc7 48. f5+ Kf7 49. Bd4 a5 50. bxa5 Bxa5 51. Nf4 Bb3 52. Bc5 Bd1 53. Ne2 Bd2
54. Nd4 Bxg4 55. Kg3 Bd1 56. Nxb5 Bc2 57. Nd6+ Kg7 58. Nc4 Bc1 59. Kg4 Bd1+ 60.
Kg3 Bc2 61. Nd6 Kh6 62. Ne8 Kg5 63. Be7 Kxf5 64. Nxf6 Bxa3 1/2-1/2

[Event "February Lviv Tradition (IM-Group)"]
[Site "Lviv"]
[Date "2016.02.24"]
[Round "2.4"]
[White "Martynkova, Olena"]
[Black "Anwesh, Upadhyaya"]
[Result "0-1"]
[WhiteElo "2245"]
[BlackElo "2399"]
[PlyCount "102"]
[EventDate "2016.02.22"]
[EventType "tourn"]
[EventRounds "9"]
[EventCountry "UKR"]
[EventCategory "1"]

1. d4 Nf6 2. c4 e6 3. Nf3 d5 4. g3 dxc4 5. Bg2 Nbd7 6. O-O c5 7. Nbd2 Nb6 8.
Nxc4 Nxc4 9. Qa4+ Bd7 10. Qxc4 b5 11. Qd3 c4 12. Qc2 Bc6 13. Bg5 Be7 14. Bxf6
Bxf6 15. e4 Qb6 16. d5 exd5 17. exd5 Bxd5 18. Rfe1+ Kf8 19. Ne5 Rd8 20. Bxd5
Rxd5 21. Qe4 Qe6 22. f4 g6 23. a4 a6 24. axb5 Bxe5 25. fxe5 axb5 26. Ra6 Qxa6
27. Qxd5 Kg7 28. e6 Qb6+ 29. Kh1 Re8 30. e7 Qf2 31. Qe5+ Qf6 32. Qxb5 Rxe7 33.
Qb4 Rxe1+ 34. Qxe1 Qxb2 35. Qe4 Qc3 36. Kg1 h6 37. g4 Kh7 38. Qd5 Qe1+ 39. Kg2
Qe2+ 40. Kg1 Qxg4+ 41. Kh1 Qe6 42. Qd4 Qc6+ 43. Kg1 c3 44. Qf2 Kg8 45. Qc2 Qc5+
46. Kh1 Qd5+ 47. Kg1 Qg5+ 48. Kh1 Qd2 49. Qe4 c2 50. Qe8+ Kg7 51. Qe5+ Kh7 0-1

[Event "February Lviv Tradition (IM-Group)"]
[Site "Lviv"]
[Date "2016.02.24"]
[Round "2.5"]
[White "Punin, Andrii"]
[Black "Kryvoruchko, Vita"]
[Result "1-0"]
[WhiteElo "2273"]
[BlackElo "2200"]
[PlyCount "109"]
[EventDate "2016.02.22"]
[EventType "tourn"]
[EventRounds "9"]
[EventCountry "UKR"]
[EventCategory "1"]

1. d4 Nf6 2. c4 e6 3. Nf3 d5 4. g3 Be7 5. Bg2 O-O 6. O-O Nbd7 7. Qc2 c6 8. Nbd2
b6 9. e4 dxe4 10. Nxe4 Nxe4 11. Qxe4 Bb7 12. Rd1 a5 13. Bf4 Ra7 14. Qc2 Qa8 15.
c5 a4 16. Ng5 Bxg5 17. Bxg5 Re8 18. Rac1 h6 19. Bf4 bxc5 20. dxc5 Nf6 21. h4
Nd5 22. Be5 Ba6 23. Qe4 f6 24. Bd6 Qb7 25. Rc2 Qf7 26. Re1 Bc8 27. f4 Bd7 28.
Bf1 Rea8 29. Bd3 f5 30. Qd4 Rb7 31. Bc4 a3 32. b3 Bc8 33. Rce2 Rba7 34. Qd3 Qf6
35. Be5 Qg6 36. Kh2 Ba6 37. Bxa6 Rxa6 38. Bd6 Kf7 39. Rxe6 Qxe6 40. Rxe6 Kxe6
41. Qe2+ Kf7 42. Qh5+ g6 43. Qxh6 Nf6 44. Kg2 Rd8 45. h5 Nxh5 46. g4 Nf6 47.
gxf5 gxf5 48. Be5 Rd2+ 49. Kf1 Ne4 50. Qg7+ Ke6 51. Qg6+ Kd5 52. Qf7+ Kxc5 53.
Qc4+ Kb6 54. Qb4+ Ka7 55. Qb8# 1-0

[Event "February Lviv Tradition (IM-Group)"]
[Site "Lviv"]
[Date "2016.02.24"]
[Round "3.1"]
[White "Kryvoruchko, Vita"]
[Black "Kagramanianz, Vartan"]
[Result "0-1"]
[WhiteElo "2200"]
[BlackElo "2228"]
[PlyCount "48"]
[EventDate "2016.02.22"]
[EventType "tourn"]
[EventRounds "9"]
[EventCountry "UKR"]
[EventCategory "1"]

1. c4 c5 2. Nc3 Nc6 3. g3 g6 4. Bg2 Bg7 5. Nf3 Nf6 6. O-O O-O 7. d3 Rb8 8. Bf4
d6 9. Qd2 Re8 10. Bh6 e5 11. Bxg7 Kxg7 12. Nh4 Nd4 13. e3 Ne6 14. f4 exf4 15.
exf4 Nd4 16. f5 Re5 17. fxg6 hxg6 18. h3 Be6 19. Rae1 Rxe1 20. Qxe1 Nd7 21. g4
Ne5 22. Qg3 Qg5 23. Bd5 Bxd5 24. cxd5 Qxh4 0-1

[Event "February Lviv Tradition (IM-Group)"]
[Site "Lviv"]
[Date "2016.02.24"]
[Round "3.2"]
[White "Anwesh, Upadhyaya"]
[Black "Punin, Andrii"]
[Result "0-1"]
[WhiteElo "2399"]
[BlackElo "2273"]
[PlyCount "98"]
[EventDate "2016.02.22"]
[EventType "tourn"]
[EventRounds "9"]
[EventCountry "UKR"]
[EventCategory "1"]

1. e4 c5 2. Nf3 d6 3. d4 cxd4 4. Nxd4 Nf6 5. Nc3 Nc6 6. Bg5 e6 7. Qd2 a6 8.
O-O-O Bd7 9. f4 b5 10. Nxc6 Bxc6 11. Qe1 Be7 12. Bxf6 Bxf6 13. e5 Be7 14. f5 d5
15. Qg3 Bg5+ 16. Kb1 exf5 17. h4 Bh6 18. Ne2 O-O 19. Nd4 Bd7 20. Qf3 Qc7 21.
Bd3 g6 22. h5 Bg7 23. Qh3 Qxe5 24. hxg6 fxg6 25. c3 h6 26. Bc2 a5 27. g4 fxg4
28. Qd3 Bf5 29. Nxf5 gxf5 30. Rde1 Qd6 31. Rhf1 Qd7 32. Rf4 Rae8 33. Ref1 Re4
34. R4f2 Qe6 35. a3 b4 36. Bb3 Re1+ 37. Ka2 Rxf1 38. Rxf1 Kh8 39. cxb4 axb4 40.
a4 Qe5 41. Rf2 Qd4 42. Qc2 f4 43. Rd2 Qf6 44. Bxd5 f3 45. Rf2 Qd4 46. Bb7 Rb8
47. a5 b3+ 48. Qxb3 Qxf2 49. a6 Bxb2 0-1

[Event "February Lviv Tradition (IM-Group)"]
[Site "Lviv"]
[Date "2016.02.24"]
[Round "3.3"]
[White "Bunyatov, Rustam"]
[Black "Martynkova, Olena"]
[Result "1-0"]
[WhiteElo "2215"]
[BlackElo "2245"]
[PlyCount "87"]
[EventDate "2016.02.22"]
[EventType "tourn"]
[EventRounds "9"]
[EventCountry "UKR"]
[EventCategory "1"]

1. c4 Nf6 2. Nc3 g6 3. g3 Bg7 4. Bg2 O-O 5. d3 d6 6. e3 e5 7. Nge2 c6 8. e4
Nbd7 9. O-O a5 10. h3 Nc5 11. f4 h5 12. Be3 Qe7 13. Qd2 Nh7 14. Rf2 h4 15. g4
exf4 16. Nxf4 Ne6 17. Nxe6 Bxe6 18. Raf1 a4 19. Ne2 b5 20. cxb5 cxb5 21. a3
Rac8 22. Nd4 Bd7 23. Nf3 Bc6 24. Nd4 Bd7 25. Qb4 Be5 26. Bh6 Bg3 27. Rf3 Ng5
28. Rf6 Qe5 29. Ne2 Nh7 30. d4 Qe8 31. Nxg3 Nxf6 32. Rxf6 hxg3 33. Qxd6 Rc2 34.
Bxf8 Rc6 35. Qxg3 Rxf6 36. Bb4 Rc6 37. Bc3 Rc4 38. d5 Rxe4 39. Qh4 f6 40. Qxf6
Re1+ 41. Kh2 Qe7 42. Qh8+ Kf7 43. Qg7+ Ke8 44. Qg8+ 1-0

[Event "February Lviv Tradition (IM-Group)"]
[Site "Lviv"]
[Date "2016.02.24"]
[Round "3.4"]
[White "Sevostianov, Pavel"]
[Black "Osmak, Iulija"]
[Result "1/2-1/2"]
[WhiteElo "2270"]
[BlackElo "2343"]
[PlyCount "72"]
[EventDate "2016.02.22"]
[EventType "tourn"]
[EventRounds "9"]
[EventCountry "UKR"]
[EventCategory "1"]

1. e4 d6 2. g3 Nf6 3. Bg2 e5 4. Ne2 Be7 5. O-O O-O 6. c4 c5 7. Nbc3 Nc6 8. d3
a6 9. h3 Rb8 10. a4 Nd4 11. g4 Nd7 12. Nxd4 cxd4 13. Nd5 a5 14. Bd2 b6 15. b4
axb4 16. Bxb4 Bb7 17. Nxe7+ Qxe7 18. Qd2 Bc6 19. Ra3 Ra8 20. Rfa1 Nc5 21. Bxc5
dxc5 22. a5 bxa5 23. Rxa5 Qb7 24. Rxa8 Rxa8 25. Rxa8+ Qxa8 26. f4 Qa1+ 27. Bf1
Qc3 28. Qf2 h6 29. fxe5 Qc1 30. Qf5 Qe3+ 31. Kh2 Bd7 32. Qxd7 Qf2+ 33. Bg2 Qf4+
34. Kg1 Qe3+ 35. Kh1 Qc1+ 36. Kh2 Qf4+ 1/2-1/2

[Event "February Lviv Tradition (IM-Group)"]
[Site "Lviv"]
[Date "2016.02.24"]
[Round "3.5"]
[White "Rytenko, Vsevolod"]
[Black "Terletsky, Oleg"]
[Result "1/2-1/2"]
[WhiteElo "2249"]
[BlackElo "2167"]
[PlyCount "66"]
[EventDate "2016.02.22"]
[EventType "tourn"]
[EventRounds "9"]
[EventCountry "UKR"]
[EventCategory "1"]

1. Nf3 Nf6 2. g3 g6 3. Bg2 Bg7 4. O-O O-O 5. c4 d6 6. Nc3 e5 7. d3 Nc6 8. Rb1
a5 9. a3 Bf5 10. e4 Bg4 11. h3 Be6 12. Be3 h6 13. Nd5 Nd7 14. b4 axb4 15. axb4
f5 16. exf5 gxf5 17. Nd2 Ra3 18. Rb3 Rxb3 19. Nxb3 Nf6 20. Nxf6+ Qxf6 21. b5
Ne7 22. f4 Qg6 23. Kh2 b6 24. Qe2 Kh8 25. Bd2 Rg8 26. Rg1 Bf6 27. Bf3 Bc8 28.
Qe1 Qg7 29. Nc1 Ng6 30. Ne2 Qe7 31. Nc3 exf4 32. gxf4 Qxe1 33. Rxe1 Nxf4
1/2-1/2

[Event "February Lviv Tradition (IM-Group)"]
[Site "Lviv"]
[Date "2016.02.25"]
[Round "4.1"]
[White "Kagramanianz, Vartan"]
[Black "Terletsky, Oleg"]
[Result "0-1"]
[WhiteElo "2228"]
[BlackElo "2167"]
[PlyCount "76"]
[EventDate "2016.02.22"]
[EventType "tourn"]
[EventRounds "9"]
[EventCountry "UKR"]
[EventCategory "1"]

1. d4 Nf6 2. Nf3 g6 3. Bg5 Bg7 4. Nbd2 d5 5. e3 O-O 6. Be2 Nbd7 7. O-O Re8 8.
c4 e5 9. dxe5 Nxe5 10. Nxe5 Rxe5 11. Nf3 Re8 12. Qb3 Be6 13. Rfd1 dxc4 14. Qxb7
Qb8 15. Qa6 Ne4 16. Bxc4 Qxb2 17. Bxe6 Qxf2+ 18. Kh1 Rxe6 19. Qb7 Rae8 20. Rac1
Nxg5 21. Nxg5 Rxe3 22. Nf3 Re2 23. Rg1 Qb6 24. Qd5 Qe6 25. Qb7 Qxa2 26. Rxc7 a5
27. Rc8 h6 28. Rxe8+ Rxe8 29. h4 a4 30. Qc6 Rd8 31. Rc1 a3 32. Qa4 Qb2 33. Rc2
Qb1+ 34. Kh2 Bb2 35. h5 gxh5 36. Qh4 Qxc2 37. Qxd8+ Kg7 38. Qd5 a2 0-1

[Event "February Lviv Tradition (IM-Group)"]
[Site "Lviv"]
[Date "2016.02.25"]
[Round "4.2"]
[White "Osmak, Iulija"]
[Black "Rytenko, Vsevolod"]
[Result "1/2-1/2"]
[WhiteElo "2343"]
[BlackElo "2249"]
[PlyCount "107"]
[EventDate "2016.02.22"]
[EventType "tourn"]
[EventRounds "9"]
[EventCountry "UKR"]
[EventCategory "1"]

1. e4 c6 2. d4 g6 3. Nc3 Bg7 4. f4 d5 5. e5 h5 6. Nf3 Nh6 7. Be3 Bf5 8. h3 Nd7
9. Be2 Nf8 10. Qd2 Ne6 11. Bf2 b5 12. Nh4 a5 13. Bf3 b4 14. Nxf5 Nxf5 15. Ne2
Nc7 16. a3 e6 17. axb4 axb4 18. Rxa8 Qxa8 19. g4 hxg4 20. hxg4 Rxh1+ 21. Bxh1
Nh6 22. Bf3 Qa1+ 23. Qc1 Qa2 24. Be3 Ng8 25. Ng3 Ne7 26. Be2 f5 27. exf6 Bxf6
28. Kf2 Kd7 29. Bd3 c5 30. dxc5 Bxb2 31. Qd1 Bf6 32. Ne2 Qa8 33. Nd4 Qh8 34.
Nf3 Qh3 35. Qg1 Qh8 36. Kg2 Qg7 37. Qh2 Nc6 38. g5 Be7 39. Qh6 Qb2 40. Qxg6 b3
41. Kg3 bxc2 42. Bxc2 d4 43. Bf2 Bxc5 44. Be4 Qb3 45. Qh7+ Ne7 46. Kg4 Qd1 47.
g6 Ne8 48. Qh8 Qe2 49. Bd3 Qxf2 50. Ne5+ Kd8 51. Nf7+ Kd7 52. Ne5+ Kd8 53. Nf7+
Kd7 54. Ne5+ 1/2-1/2

[Event "February Lviv Tradition (IM-Group)"]
[Site "Lviv"]
[Date "2016.02.25"]
[Round "4.3"]
[White "Martynkova, Olena"]
[Black "Sevostianov, Pavel"]
[Result "0-1"]
[WhiteElo "2245"]
[BlackElo "2270"]
[PlyCount "108"]
[EventDate "2016.02.22"]
[EventType "tourn"]
[EventRounds "9"]
[EventCountry "UKR"]
[EventCategory "1"]

1. d4 Nf6 2. Nf3 g6 3. c4 Bg7 4. g3 c5 5. d5 b5 6. cxb5 Qa5+ 7. Bd2 Qxb5 8. Nc3
Qb7 9. e4 O-O 10. Bg2 d6 11. h3 Bd7 12. O-O Na6 13. Qe2 Nc7 14. Rab1 Rab8 15.
Rfd1 Nb5 16. Nxb5 Bxb5 17. Qe3 Qa6 18. Bc3 Be2 19. Re1 Bxf3 20. Bxf3 Nd7 21.
Bxg7 Kxg7 22. Qc3+ Kg8 23. Be2 Qxa2 24. Bc4 Qa4 25. Ra1 Qb4 26. Rxa7 Ne5 27.
Rc1 Qxb2 28. Rxe7 Qxc3 29. Rxc3 Rb4 30. Bd3 Rd4 31. Bc2 Rb8 32. f4 Kf8 33. Ra7
Nc4 34. e5 dxe5 35. Bb3 Nd2 36. Ba2 Ne4 37. Rc2 exf4 38. gxf4 h5 39. Rd7 Ra8
40. Rb2 Rd1+ 41. Kg2 Rd2+ 42. Rxd2 Nxd2 43. d6 Rxa2 44. Rd8+ Kg7 45. d7 Nc4+
46. Kg3 Rd2 47. f5 Rd3+ 48. Kh4 Rd4+ 49. Kg3 h4+ 50. Kf2 g5 51. Rc8 Rxd7 52.
Rxc5 Rd4 53. Rc6 Ne5 54. f6+ Kg6 0-1

[Event "February Lviv Tradition (IM-Group)"]
[Site "Lviv"]
[Date "2016.02.25"]
[Round "4.4"]
[White "Punin, Andrii"]
[Black "Bunyatov, Rustam"]
[Result "0-1"]
[WhiteElo "2273"]
[BlackElo "2215"]
[PlyCount "160"]
[EventDate "2016.02.22"]
[EventType "tourn"]
[EventRounds "9"]
[EventCountry "UKR"]
[EventCategory "1"]

1. e4 c5 2. Be2 Nc6 3. f4 g6 4. Nf3 Bg7 5. O-O d6 6. d3 e6 7. c3 Nge7 8. Na3
O-O 9. Be3 a6 10. Qd2 b5 11. d4 cxd4 12. Nxd4 Bb7 13. Bf3 Nxd4 14. cxd4 f5 15.
exf5 Bxf3 16. Rxf3 Nxf5 17. Bf2 d5 18. Rc1 Qb6 19. Rc5 b4 20. Nc2 a5 21. Qe1
Rfe8 22. g4 Nd6 23. Re3 Ne4 24. Rxe4 dxe4 25. Qxe4 b3 26. axb3 Qxb3 27. Ne3
Rad8 28. Rxa5 Bxd4 29. Ra3 Qxb2 30. Rd3 Bxe3 31. Rxe3 Qa1+ 32. Kg2 Qa8 33. Kg3
Qxe4 34. Rxe4 Rd3+ 35. Kh4 Kf7 36. Ra4 e5 37. Ra7+ Re7 38. Rxe7+ Kxe7 39. fxe5
Ke6 40. Kg5 Kxe5 41. Bg3+ Ke4 42. Kh6 Rd7 43. Bb8 Kf3 44. h3 Kg2 45. h4 Rd4 46.
Be5 Rxg4 47. Kxh7 Kf3 48. Bf6 Kf4 49. Kh6 Kf5 50. Bd8 Rd4 51. Bg5 Ra4 52. Bd8
Ra6 53. Bg5 Ra4 54. Kg7 Ra6 55. Kh6 Kg4 56. Kg7 Kh5 57. Kf7 Ra7+ 58. Ke6 Ra5
59. Bf6 Kg4 60. Bd8 Ra8 61. Bg5 Rf8 62. Bf6 Kh5 63. Bg5 Rf5 64. Bf6 Kh6 65. Kf7
Kh7 66. Ke6 Kg8 67. Bg5 Kg7 68. Bd8 Rf2 69. Ke5 Re2+ 70. Kf4 Kh6 71. Kg4 Re4+
72. Kg3 Kh5 73. Bg5 Rg4+ 74. Kh3 Rb4 75. Bf6 Rb3+ 76. Kg2 Kg4 77. Kh2 Rh3+ 78.
Kg2 Rxh4 79. Bxh4 Kxh4 80. Kh2 Kg4 0-1

[Event "February Lviv Tradition (IM-Group)"]
[Site "Lviv"]
[Date "2016.02.25"]
[Round "4.5"]
[White "Kryvoruchko, Vita"]
[Black "Anwesh, Upadhyaya"]
[Result "1-0"]
[WhiteElo "2200"]
[BlackElo "2399"]
[PlyCount "120"]
[EventDate "2016.02.22"]
[EventType "tourn"]
[EventRounds "9"]
[EventCountry "UKR"]
[EventCategory "1"]

1. e4 e5 2. Nf3 Nc6 3. d4 exd4 4. Nxd4 Bc5 5. Be3 Qf6 6. c3 Nge7 7. g3 d5 8.
Bg2 Bxd4 9. cxd4 dxe4 10. Nc3 Bf5 11. Nxe4 Qg6 12. Nc3 O-O 13. O-O Rad8 14. Qb3
b6 15. d5 Na5 16. Qa3 Nc8 17. b3 Qh5 18. Rfc1 Bh3 19. Bh1 Nd6 20. Bf4 Nf5 21.
Bxc7 Nd4 22. Qa4 Nf3+ 23. Bxf3 Qxf3 24. Qe4 Qxe4 25. Nxe4 Rxd5 26. Bf4 Bf5 27.
Nd6 Be6 28. b4 g5 29. Ne4 f6 30. Bd6 Rf7 31. bxa5 Bf5 32. axb6 axb6 33. Bc7
Bxe4 34. Bxb6 Rb7 35. Be3 Ra5 36. a4 Kf7 37. Bd2 Ra6 38. a5 Rb5 39. Rc7+ Kg6
40. Re1 Bf3 41. h3 h5 42. Bc3 g4 43. Kh2 Rd5 44. Rce7 Rc5 45. R7e3 Rac6 46. Bb4
Rc2 47. Kg1 Rb2 48. Be7 Ra2 49. Bd8 Rd2 50. Bb6 Ra2 51. h4 Kf5 52. Re8 Rac2 53.
Be3 Rc8 54. Rxc8 Rxc8 55. a6 Ke4 56. a7 Kd3 57. Bf4 Ba8 58. Rb1 Re8 59. Be3 Bf3
60. Rb8 Rh8 1-0

[Event "February Lviv Tradition (IM-Group)"]
[Site "Lviv"]
[Date "2016.02.25"]
[Round "5.1"]
[White "Anwesh, Upadhyaya"]
[Black "Kagramanianz, Vartan"]
[Result "1/2-1/2"]
[WhiteElo "2399"]
[BlackElo "2228"]
[PlyCount "125"]
[EventDate "2016.02.22"]
[EventType "tourn"]
[EventRounds "9"]
[EventCountry "UKR"]
[EventCategory "1"]

1. d4 Nf6 2. c4 e6 3. g3 Bb4+ 4. Bd2 Bxd2+ 5. Nxd2 Nc6 6. Ngf3 d6 7. e4 e5 8.
d5 Ne7 9. Qc2 O-O 10. Bd3 Nd7 11. O-O a5 12. Qc3 Nc5 13. Bc2 c6 14. Qe3 h6 15.
Nxe5 cxd5 16. cxd5 Re8 17. Qd4 Bh3 18. Rfc1 Nf5 19. exf5 Rxe5 20. Nc4 Re2 21.
Qf4 Qg5 22. Qxg5 hxg5 23. Nxd6 Rd2 24. Nc4 Re2 25. Nd6 Rd2 26. Nc4 Re2 27. a4
Rd8 28. Ne3 Re8 29. Ra3 b6 30. Rc3 Rd8 31. Rc4 Nd7 32. Be4 Nc5 33. Bc2 Nd7 34.
Be4 Nc5 35. Bg2 Bxg2 36. Kxg2 Rxb2 37. Rxc5 bxc5 38. Rxc5 Rbb8 39. Rxa5 Ra8 40.
Rb5 Rxa4 41. Kf3 Rd4 42. h3 f6 43. Rb7 R4xd5 44. Nxd5 Rxd5 45. Kg4 Rd4+ 46. Kf3
Rd5 47. g4 Rd3+ 48. Kg2 Ra3 49. Re7 Rb3 50. Re3 Rb4 51. Kg3 Ra4 52. f3 Kf7 53.
Rb3 Ra7 54. f4 gxf4+ 55. Kxf4 Ra4+ 56. Kg3 Ra1 57. Kh4 Kg8 58. Kg3 Kh7 59. h4
Rg1+ 60. Kf4 Rh1 61. h5 Rf1+ 62. Rf3 Rg1 63. Ke4 1/2-1/2